| 000 | 01363nam a22003737a 4500 | ||
|---|---|---|---|
| 003 | CHAP | ||
| 005 | 20220329133847.0 | ||
| 008 | 971013s1986 r 00010 d | ||
| 010 | _a11919 | ||
| 011 | _a12891 | ||
| 035 | _a16631 | ||
| 040 | _cCHAP | ||
| 090 | _aTesis | ||
| 100 | 0 | 0 |
_aNavarrete Maya, Rosa. _980514 |
| 245 | _aFactores ambientales y biológicos que influyen en el desarrollo de la enfermedad "germinación prematura" del maíz, causado por Fusarium moniloforme | ||
| 260 |
_aChapingo, Méx. : _bEl autor, _c1986 |
||
| 300 | _a97 h. | ||
| 502 | _aTesis (M.C. Esp. en Fitopatología) -- CP. Centro de Fitopatología | ||
| 590 |
_aALEPH _b10 _c20130110 _lUCH01 _h1230 |
||
| 590 |
_aBATCH-UPD _b10 _c20130110 _lUCH01 _h0300 |
||
| 590 |
_aBATCH-UPD _b10 _c20130110 _lUCH01 _h1725 |
||
| 590 |
_aBATCH-UPD _b10 _c20130409 _lUCH01 _h2332 |
||
| 590 |
_aBATCH-UPD _b10 _c20130914 _lUCH01 _h1452 |
||
| 590 |
_aCONVERSION _b10 _c20130109 _lUCH01 _h1308 |
||
| 650 | 1 | 4 |
_aFusarium moniliforme. _944091 |
| 650 | 1 | 4 |
_aMaíz _xEfecto del medio ambiente. _970935 |
| 650 | 1 | 4 |
_aMaíz _xEnfermedades por hongos. _970941 |
| 650 | 1 | 4 |
_aMaíz _xGerminación. _970965 |
| 901 | _aBK | ||
| 942 | _cFOLL | ||
| 949 |
_bBC _cTES _d-148379 _eTS1 _h18874 _i16631 _si |
||
| 949 |
_bBC _cTES _d-148380 _eTS2 _fc.2 _h20435 _i16631 _si |
||
| 949 |
_bBC _cTES _d-148381 _eTS2 _fc.3 _h20435 _i16631 _si |
||
| 999 |
_c11919 _d11919 |
||